000
00327 a2200145 4500
001
154491
040
_c
Escola São Tomás de Aquino
100
_a
CRUZ, Therezinha M. L. da
240
1
0
_a
Descobrindo Caminhos
_l
por
245
1
0
_a
Descobrindo Caminhos
300
_a
48
440
1
_a
FTD
697
_a
RELIGIÃO
942
_c
BK
999
_c
154491
_d
154491